Poemas
Furkejuvvon:
| Váldodahkki: | |
|---|---|
| Materiálatiipa: | Girji |
| Giella: | espánnjágiella |
| Almmustuhtton: |
Santiago
Santillana
1976
|
| Preanttus: | 1a. ed |
| Ráidu: | Biblioteca escolar literaria
|
| Fáttát: | |
| Fáddágilkorat: |
Lasit fáddágilkoriid
Eai fáddágilkorat, Lasit vuosttaš fáddágilkora!
|
MARC
| LEADER | 00000nam a2200000 a 4500 | ||
|---|---|---|---|
| 001 | UCH6696 | ||
| 003 | CL-VaPUC | ||
| 008 | 091109e19760000CL |||||||||||||||||spa|d | ||
| 020 | |a 8439947771 | ||
| 082 | 0 | 4 | |a Ch861 |b HUI |2 21 |
| 100 | |a Huidobro, Vicente |e autor |d 1893-1948 |q (García-Huidobro Fernández, Vicente) |9 505141 | ||
| 245 | 1 | 0 | |a Poemas |
| 250 | |a 1a. ed | ||
| 300 | |a 159 p. | ||
| 942 | |c BK | ||
| 945 | |d 20091109 00:00:00 |a lazolas | ||
| 260 | |a Santiago |b Santillana |c 1976 | ||
| 650 | 0 | |a Poesías chilenas |9 265280 | |
| 583 | |a last modification |c 20091109 00:00:00 |k Rodrigo Vera | ||
| 490 | 0 | |a Biblioteca escolar literaria | |
| 999 | |c 337536 |d 337534 | ||